Apogeo y decadencia de los estudios culturales: una visión antropológica

Este libro realiza un análisis de la corriente de los Estudios Culturales, en cuanto a su definición, sus postulados teóricos y metodológicos, su relación con las tendencias posmodernistas, su relación con la antropología y su proyecto político, con el fin de establecer una crítica, desde la antropo...

Ausführliche Beschreibung

Gespeichert in:
Bibliographische Detailangaben
1. Verfasser: Reynoso, Carlos
Format: Text
Veröffentlicht: Barcelona: Gedisa
Schlagworte:
Tags: Tag hinzufügen
Keine Tags, Fügen Sie den ersten Tag hinzu!

MARC

LEADER 00000 a a2200000 04500
001 31985
003
040
020 |a 84-7432-805-5  
090 |a 200000  
100 |a Reynoso, Carlos  
245 |a Apogeo y decadencia de los estudios culturales: una visión antropológica  
260 |a Barcelona:   |b Gedisa  
300 |a 326 p.  
520 |a Este libro realiza un análisis de la corriente de los Estudios Culturales, en cuanto a su definición, sus postulados teóricos y metodológicos, su relación con las tendencias posmodernistas, su relación con la antropología y su proyecto político, con el fin de establecer una crítica, desde la antropología, con respecto a esta estructura teórica, su evolución histórica y a su apogeo en los últimos años entre los cientistas sociales. Según el autor, el libro confronta los estudios culturales con sus textos representativos con el objetivo de evidenciar una deconstrucción "desde adentro"  
650 |a CULTURA POPULAR  
650 |a INVESTIGACION SOBRE LA COMUNICACION  
650 |a INVESTIGACION SOCIAL  
650 |a TEORIA  
650 |a CRISIS  
650 |a ANTROPOLOGIA  
999 |c 8654  |d 8654